000 00658nam a2200241Ia 4500
003 OSt
005 20220918220935.0
006 a|||||r|||| 00| 0
007 ta
008 220917b |||||||| |||| 00| 0 eng d
024 _a147,504
037 _cTextual
040 _aARTS
_cARTS
_beng
041 _2eng
_aeng
082 _aY53.3.N14<-M70, L7
100 _aCrossick Geoffray Ed
_9138575
245 0 _aLower middle class in Britain 1870-1914
260 _aLondon
_bCroom Helm
_c1977
300 _a213p.
_ccm.
650 _aSOCIOLOGY
942 _hY53.3.N14<-M70, L7
_cTEXL
_2CC
999 _c270243
_d270243